7 thói quen của những bạn trẻ thành đạt

保存先:
書誌詳細
第一著者: Sean Covey
フォーマット: 図書
言語:Undetermined
出版事項: Tp. Hồ Chí Minh Trẻ 2004
タグ: タグ追加
タグなし, このレコードへの初めてのタグを付けませんか!
Thư viện lưu trữ: Trung tâm Học liệu Trường Đại học Cần Thơ
LEADER 00493nam a2200169Ia 4500
001 CTU_64538
008 210402s9999 xx 000 0 und d
020 |b 21600 
082 |a 305.242 
082 |b C873 
100 |a Sean Covey 
245 0 |a 7 thói quen của những bạn trẻ thành đạt 
245 0 |c Sean Covey; Vũ Thi Thu Nhi (biên dịch) 
260 |a Tp. Hồ Chí Minh 
260 |b Trẻ 
260 |c 2004 
980 |a Trung tâm Học liệu Trường Đại học Cần Thơ